Responses for Show #2357 - Tuesday, November 29, 1994

Ryan Holznagel game 4.

Contestants

[<< previous game]

Brendie Vance, a law student from Chicago, Illinois

Steve Kohl, an international program administrator from Washington, D.C.

Ryan Holznagel, a software writer originally from Forest Grove, Oregon (whose 3-day cash winnings total $43,301)

[next game >>]

Jeopardy! Round responses

WASHINGTON, D.C.
NURSERY RHYMES
BUSINESS & INDUSTRY
UNUSUAL BOOKS
FOOD
HODGEPODGE
    $100 2
(Brendie: What is the Smithsonian?)

National Geographic

RyanBrendie
    $100 18
black

Ryan
    $100 17
John Hancock

Steve
    $100 11
[The audience laughs at the title in the clue.]
(Ryan: What are spoonerisms?)
...
(Alex: Yes, and you're on the plus side with $100. And we're going to take a break.)
(Steve: Thank you.)
(Alex: I know they are welcoming this break. We'll have these commercials and then continue the agony of the Jeopardy! Round.)

puns

RyanSteve
    $100 12
China

Steve
    $100 1
(Ryan: What is the Vatican?)
(Steve: What is St. Paul's Cathedral?)
...
(Alex: The Vatican is not a building, it's a state.)

St. Peter's Cathedral

RyanSteve
Triple Stumper
    $200 3
Hubert Humphrey

Brendie
    $200 19
the cat

Steve
    $200 23
Sears

Steve
    $200 26
B-movies

Ryan
    $200 13
pancakes

Steve
    $200 7
Helen

Brendie
    $300 4
(Steve: What is the U.S. Capitol?)

the White House

Steve
Triple Stumper
    $300 20
a horse

Steve
    $300 24
McDonnell

Ryan
    $300 28
(vanity) license plates

Ryan
    $300 14
Roquefort

Steve
    $300 8
(Brendie: What is hopscotch?)

jacks

Brendie
Triple Stumper
    $400 5
the Pentagon

Steve
    $400 21
(Ryan: What is Rain, rain, go away?)

Rain, rain, go away/Come again another day (Rain, rain, go away/Come again some other day accepted)

RyanSteve
    $400 25
(Brendie: What is Procter & Gamble?)

Scott

SteveBrendie
    $400 29
E

Steve
    $400 15
(Ryan: What are sardines?)

anchovies

RyanSteve
    $400 9
trillions

Ryan
    $500 6
(Steve: Who is Hunt?)
(Alex: No, you picked the wrong one.)

H. Ross Perot

Steve
    $500 22
Some Like It Hot

Brendie
    $500 27
NCR (National Cash Register)

Steve
    $500 30
form 3D pictures (come out in 3D accepted)

Brendie
    $500 16
celery

Brendie
    $500 10
the lemur

Steve

Scores at the first commercial break (after clue 11):

Ryan Steve Brendie
$300 $100 $0

Scores at the end of the Jeopardy! Round:

Ryan Steve Brendie
$400 $3,600 $1,100

Double Jeopardy! Round responses

ANCIENT HISTORY
ASTRONAUTS
ISLANDS
20th CENTURY WOMEN
COLLEGES & UNIVERSITIES
CLASSICAL COMPOSERS
    $200 1
Alexander the Great

Brendie
    $200 15
Hawaii

Ryan
    $200 21
Long Island

Brendie
    $200 26
Indira Gandhi

Brendie
    $200 9
Trinity

Steve
    $200 3
Chopin

Steve
    $400 2
Egypt

Steve
    $400 18
the Nuclear Regulatory Commission

Ryan
    $400 22
Cuba

Ryan
    $400 27
the Nobel Prize

Ryan
    $400 10
Jumbo

Ryan
    $400 4
Wagner

Ryan
    $600 5
Peloponnesian War

Steve
    $600 14
Alan Shepard

Brendie
    $600 23
the Philippines

Brendie
    $600 29
Texas

Triple Stumper
    $600 11
Indiana

Steve
    $600 6
Mendelssohn

Steve
    $800 19
Herod

Ryan
    $800 16
Aldrin

Ryan
    $2,000 24
(Brendie: What is Singapore?)

Borneo

Brendie
    $800 28
Joan Baez

Ryan
    $800 12
Tucson

Steve
    $2,000 7
(Alex: And though it is a CLASSICAL COMPOSERS category, it is not an audio.)

Debussy

Steve
    $1000 20
Hammurabi

Steve
    $1000 17
("Jake") Garn

Ryan
    $1000 25
(Steve: What is Crete?)

Cyprus

Steve
Triple Stumper
    $1000 30
Geraldine Ferraro

Brendie
    $1000 13
Massachusetts

Ryan
    $1000 8
(Jean) Sibelius

Steve

Scores at the end of the Double Jeopardy! Round:

Ryan Steve Brendie
$7,000 $10,000 $1,900

[wagering suggestions for these scores]

Final Jeopardy! Round responses

PLAYS
[The play title is The Plough and the Stars.]
BrendieWhat is Guest of the Nation [M Rybe written above]
$0
RyanWhat are shamrocks?
$888
SteveWhat are shamrocks?
$4,001
a plow & stars

Final scores:

Ryan Steve Brendie
$6,112 $5,999 $1,900
4-day champion: $49,413 2nd place: a trip to Florida's Gulf Coast at the Marco Island Resort and Gulf Club 3rd place: Benrus diamond watch

Game dynamics:

Coryat scores:

Ryan Steve Brendie
$7,000 $9,300 $3,900
17 R,
4 W
25 R
(including 1 DD),
4 W
(including 1 DD)
11 R,
4 W
(including 1 DD)

Combined Coryat: $20,200

[game clues] [game scores] [suggest correction]

Game tape date: 1994-09-12
The J! Archive is created by fans, for fans. Scraping, republication, monetization, and malicious use prohibited; this site may use cookies and collect identifying information. See terms. The Jeopardy! game show and all elements thereof, including but not limited to copyright and trademark thereto, are the property of Jeopardy Productions, Inc. and are protected under law. This website is not affiliated with, sponsored by, or operated by Jeopardy Productions, Inc. Join the discussion at JBoard.tv.